000 00454pab a2200169 454500
008 180718b2001 xxu||||| |||| 00| 0 eng d
100 _aSaha, Shovan K.
245 _aEnvironmental management in a historic city - Delhi
260 _c2001
300 _ap.70-78.
362 _aOct-Dec
650 _aEnvironmental management - India - Delhi
650 _aEnvironmental management
700 _aSarma, K.S.R.N.
773 _aNagarlok
909 _a53086
999 _c53086
_d53086